|
|
|
|
| LEADER |
00000cam a2200000 i 4500 |
| 001 |
1/16432 |
| 008 |
111114s2011 gr | ||| |||| ||gre|| |
| 020 |
|
|
|a 9789606826238
|
| 035 |
|
|
|l 10111349
|
| 040 |
|
|
|a GR-MY-UA
|b gre
|e aacr
|
| 041 |
0 |
|
|a gre
|
| 082 |
0 |
|
|a 331.01
|2 (22)
|
| 100 |
1 |
|
|a Τσομπάνογλου, Γεώργιος Οδ.
|
| 245 |
1 |
2 |
|a Η ύστερη εργασιακή διαδικασία και οι μετασχηματισμοί της /
|c Τσομπάνογλου Ο. Γεώργιος.
|
| 260 |
|
|
|a Αθήνα :
|b Γόρδιος,
|c 2011.
|
| 300 |
|
|
|a 198 σ. ;
|c 21 εκ.
|
| 504 |
|
|
|a Βιβλιογραφία: σ. [185]-198.
|
| 650 |
0 |
0 |
|a Labor and laboring classes
|z Greece
|x History.
|
| 650 |
0 |
0 |
|a Labor economics
|z Greece.
|
| 650 |
0 |
0 |
|a Labor
|z Greece
|x History.
|
| 852 |
|
|
|a INST
|b LESVOS
|e 20111114
|h 331.01 ΤΣΟ
|p 005100051068
|q 005100051068
|t BK
|y 0
|
| 852 |
|
|
|a INST
|b LESVOS
|c EUDOXUS
|e 20130412
|h 331.01 ΤΣΟ
|p 005100052544
|q 005100052544
|t EDX
|y 0
|
| 852 |
|
|
|a INST
|b LESVOS
|c EUDOXUS
|e 20150514
|h 331.01 ΤΣΟ
|p 005100056572
|q 005100056572
|t EDX
|y 0
|
| 852 |
|
|
|a INST
|b RHODES
|c EUDOXUS
|e 20180910
|h 331.01 ΤΣΟ
|p 005400040225
|q 005400040225
|t EDX
|y 0
|
| 901 |
|
|
|a BIBL1-2011-3
|
| 909 |
|
|
|a Λ
|b 173079
|
| 909 |
|
|
|a Λ
|b 179104
|
| 920 |
|
|
|a Εύδοξος
|b Επιστροφή
|y Λέσβος
|z 2013-02
|
| 920 |
|
|
|a Εύδοξος
|b Επιστροφή
|y Ρόδος
|z 2018-06
|
| 920 |
|
|
|a Εύδοξος
|b Επιστροφή
|y Λέσβος
|z 2015-04
|
| 970 |
|
|
|a ΤΖΑΦΕΡΗ
|b ΕΥΑΓΓΕΛΙΑ
|z 2011/11/14
|